| 000 | 01465nam a22002417a 4500 | ||
|---|---|---|---|
| 003 | OSt | ||
| 005 | 20230622134846.0 | ||
| 008 | 120625t xxu||||| |||| 00| 0 eng d | ||
| 020 | _a9780495507864 | ||
| 020 | _a0495507865 | ||
| 040 | _cWIUC-GH | ||
| 050 | _aKF9218.G22 | ||
| 100 |
_aGardner, Thomas J. _91805 |
||
| 245 |
_aCriminal Law. / _cThomas J. Gardner, Terry M. Anderson |
||
| 250 | _a10th ed. | ||
| 260 |
_aLondon : _bThomson/Wadsworth, _c2009. |
||
| 300 |
_axxvi, 477 p.: _b ill ; _c20 cm. |
||
| 500 | _aIncludes index | ||
| 505 | _aContents: Basic concepts of criminal law: Criminal law -- Essential elements of crime -- Criminal liability -- Criminal liability -- Criminal responsibility and the capacity to commit a crime - The law governing the use of force -- Other criminal defenses -- Criminal punishment -- Jurisdiction -- Free speech, street crimes, and he bill of rights -- Crimes against the person: Homicide -- Assault, battery, and other crimes against the person -- Sexual assault, rape, prostitution, and other related sex crimes -- Crimes against property: Theft -- Robbery and burglary -- White collar crime, cyber crime, and commercial crime -- Other criminal conduct: Drug abuse and alcohol-related crimes -- Terrorism -- Organized crime and gangs -- Immigration crimes, contempt, and other crimes against government -- | ||
| 650 |
_aCriminal law _xUnited States _91806 |
||
| 700 |
_aAnderson, Terry M. _91807 |
||
| 942 |
_2lcc _cBK |
||
| 999 |
_c9809 _d17309 |
||